Figure Out the Lyrics VII Quiz Stats

 Plays Quiz Updated Jul 10, 2015

Challenge
Share
Tweet
Embed
Score 0/96 Timer 05:00
35 Plays Today
% Correct
the
95.1%
the
95.1%
the
95.1%
the
95.1%
the
95.1%
the
95.1%
We
74.4%
We
74.4%
We
74.4%
We
74.4%
in
70.8%
in
70.8%
in
70.8%
in
70.8%
in
70.8%
in
70.8%
in
70.8%
in
70.8%
in
70.8%
in
70.8%
no
58.7%
no
58.7%
No
58.7%
no
58.7%
no
58.7%
No
58.7%
don't
46.2%
don't
46.2%
don't
46.2%
don't
46.2%
All
43.5%
all,
43.5%
% Correct
All
43.5%
all,
43.5%
All
43.5%
all,
43.5%
All
43.5%
all,
43.5%
need
41.3%
need
41.3%
need
41.3%
need
41.3%
them
40.8%
them
40.8%
them
40.8%
them
40.8%
just
40.2%
just
40.2%
just
40.2%
just
40.2%
it's
37.8%
education.
37.1%
education.
37.1%
you're
35.4%
you're
35.4%
you're
35.4%
Hey!
35.1%
Hey!
35.1%
leave
34.8%
Leave
34.8%
leave
34.8%
Leave
34.8%
another
34.7%
another
34.7%
% Correct
another
34.7%
another
34.7%
Teacher
34.5%
Teacher!
34.5%
Teacher
34.5%
Teacher!
34.5%
alone.
34.5%
alone.
34.5%
alone.
34.5%
alone.
34.5%
wall.
34.3%
wall.
34.3%
wall.
34.3%
wall.
34.3%
control.
34.3%
control.
34.3%
brick
34.2%
brick
34.2%
brick
34.2%
brick
34.2%
kids
34.1%
kids
34.1%
kids
34.1%
kids
34.1%
thought
31.1%
thought
31.1%
classroom.
30.3%
classroom.
30.3%
dark
29.1%
dark
29.1%
sarcasm
24.1%
sarcasm
24.1%

You're not logged in!

Compare scores with friends on all Sporcle quizzes.
Join for Free
OR
Log In

You Might Also Like...

Show Comments

Extras

Top Quizzes Today


Score Distribution

Your Account Isn't Verified!

In order to create a playlist on Sporcle, you need to verify the email address you used during registration. Go to your Sporcle Settings to finish the process.

Report this User

Report this user for behavior that violates our Community Guidelines.

Details: